| 000 | 00648nam a22001817a 4500 | ||
|---|---|---|---|
| 999 |
_c4799 _d4799 |
||
| 003 | GBCCL | ||
| 005 | 20241126110527.0 | ||
| 008 | 180207b ||||| |||| 00| 0 eng d | ||
| 020 | _a9788121211390 | ||
| 040 | _cgbc | ||
| 082 |
_a294.5095417 _bSIN |
||
| 100 |
_aSingh, G.P. _98758 |
||
| 245 |
_aHinduism in Manipur : _bin the eighteenth and nineteenth centuries and its impact on contemporary society and culture with special focus on religion and cultural assimilation, syncretization and integration _cG.P. Singh |
||
| 260 |
_aNew Delhi : _bGyan publishing, _c2012. |
||
| 300 | _a109p. ; | ||
| 650 |
_aHinduism _zManipur _98759 |
||
| 942 |
_2ddc _cBK _08 |
||